Normal view
MARC view
- Applied Bioscience - PhD Thesis.
Entry Topical Term
001 - CONTROL NUMBER
- control field: 19261
003 - CONTROL NUMBER IDENTIFIER
- control field: NUST
005 - DATE AND TIME OF LATEST TRANSACTION
- control field: 20190816072052.0
008 - FIXED-LENGTH DATA ELEMENTS
- fixed length control field: 190816|| aca||aabn | a|a d
040 ## - CATALOGING SOURCE
- Original cataloging agency: NUST
- Transcribing agency: NUST
150 ## - HEADING--TOPICAL TERM
- Topical term or geographic name entry element: Applied Bioscience - PhD Thesis.
670 ## - SOURCE DATA FOUND
- Source citation: Work cat.: (NUST): Akbar, Sehrish 19260, Artificial MicroRNA Mediated Transgenic Resistance Against Sugarcane Mosaic Virus (SCMV) in Nicotiana Benthamiana /, 2017.
